LEADER 00802nam a2200229 i 4500 001 000000230588 003 CaOOAMICUS 005 20140612000000.0 008 140612s1943 it u000 u ita u 013 $a209490 040 $aSeMil$bita 245 10$aCon Gesù risorto. 260 $aComo :$bEmo Cavalleri,$cstampa 1943. 300 $a61 p. ;$c14 cm. 500 $aFondo card. Giovanni Colombo. 650 4$aGesù Cristo - Risurrezione - Meditazioni.$0(OLS)http://semarc/subject/17330 850 $aSeMil 852 $aSeMil$W1$xVenegono$y1$m3GC I 180$j180934$B180934$CSeMilBibl$Z2$F192699 $8B 941 1 $a3 961 $aLascito: Colombo Card. Giovanni 996 $6245$aCon Gesù risorto$9(OLS)http://semarc/title/329440 996 $6260$aComo :$bEmo Cavalleri$9(OLS)http://semarc/publisher/38200 LEADER 00977nam a2200265 i 4500 001 000000110280 003 CaOOAMICUS 005 20021127000000.0 008 021127s1986 xxc u000 u fre u 013 $a82961 020 $a2-89-129-068-2 040 $aSeMil$bita 100 1 $aZundel, Maurice,$d<1897-1975>.$0(OLS)http://semarc/name/22588 245 10$aMorale et mystique /$cpar Maurice Zundel. 260 $aQuébec :$bAnne Sigier,$ccopyr. 1986. 300 $a139 p. ;$c21 cm. 500 $aFondo Card. C.M. Martini. 650 4$aMorale e mistica.$0(OLS)http://semarc/subject/19615 850 $aSeMil 852 $aSeMil$W1$xVenegono$y1$m2D II 26$j66183$B66183$CSeMilBibl$Z2$F89663 $81 941 1 $a4 961 $aOmaggio: Martini Card. Carlo Maria 996 $6020$a2-89-129-068-2$9(OLS)http://semarc/number/91961 996 $6245$aMorale et mystique$9(OLS)http://semarc/title/160281 996 $6260$aQuébec :$bAnne Sigier$9(OLS)http://semarc/publisher/43375